000 01456nam a22003494a 4500
001 ebr5002686
003 CaPaEBR
006 m u
007 cr cn|||||||||
008 000616s2001 nbuc sb 001 0 eng
010 _z 00055956
020 _z0803217102 (cloth : alk. paper)
020 _z0803266294 (pbk. : alk. paper)
040 _aCaPaEBR
_cCaPaEBR
035 _a(OCoLC)70763906
050 1 4 _aGN17.3.N7
_bD37 2001eb
082 0 4 _a301/.097
_221
100 1 _aDarnell, Regna.
245 1 0 _aInvisible genealogies
_h[electronic resource] :
_ba history of Americanist anthropology /
_cRegna Darnell.
260 _aLincoln :
_bUniversity of Nebraska Press,
_cc2001.
300 _axxvi, 373 p. :
_bill.
490 1 _aCritical studies in the history of anthropology series ;
_vv. 1
504 _aIncludes bibliographical references (p. [341]-362) and index.
533 _aElectronic reproduction.
_bPalo Alto, Calif. :
_cebrary,
_d2013.
_nAvailable via World Wide Web.
_nAccess may be limited to ebrary affiliated libraries.
650 0 _aAnthropology
_zNorth America
_xHistory.
650 0 _aEthnology
_xPhilosophy.
650 0 _aIndianists
_zNorth America.
655 7 _aElectronic books.
_2local
710 2 _aebrary, Inc.
830 0 _aCritical studies in the history of anthropology ;
_vv. 1.
856 4 0 _uhttp://site.ebrary.com/lib/rucke/Doc?id=5002686
_zAn electronic book accessible through the World Wide Web; click to view
999 _c16698
_d16698